| 000 | 00522nam a2200181Ia 4500 | ||
|---|---|---|---|
| 008 | 190805s9999||||xx |||||||||||||| ||und|| | ||
| 020 |
_a9780870335808 _c _50.00 |
||
| 082 | 0 | 4 |
_a387.5068 _bB8565 |
| 100 | 1 | _aBuckley, James J. | |
| 245 | 1 | 4 |
_aThe Business of Shipping / _cJames J. Buckley and Lane C. Kendall |
| 250 | _a8th ed. | ||
| 260 |
_aAtglen : _bSchiffer Publishing, _c2008 |
||
| 300 |
_axiv, 433 p. _b : _c; 24 cm. |
||
| 650 | 0 | _aShipping | |
| 700 | 1 | _aKendall, Lane C | |
| 942 | _cBK | ||
| 999 |
_c353 _d353 |
||